00000000nam##2200000za#4500
0019.683537
003CaOODSP
00520210615133625
007ta
008150407|2007||||xxc|||||     f|0| 0 fre|d
020 |a0-662-72902-1
040 |aCaOODSP|bfre
043 |an-cn---
0861 |aH164-38/2-2007F
1101 |aCanada. |bDirection générale des produits de santé et des aliments.
24510|aBien manger avec le Guide alimentaire canadien - ressource à l'intention des éducateurs et communicateurs
260 |aOttawa - Ontario : |bSanté Canada. |c2007.
300 |ai, 49p. : |bill. ; |c28 cm. + |e«Bien manger avec le guide alimentaire canadien» [brochure] et «Bien manger, c'est pour la vie» [brochure].
5203 |aCette ressource renferme des informations contextuelles ainsi que des trucs et des outils qui complètent les recommandations du Guide alimentaire canadien – un document de base qui traduit la science entourant la nutrition et la santé en un modèle de saine alimentation destiné à combler les besoins nutritionnels tout en réduisant les risques d’obésité et de maladies chroniques. On peut l’utiliser pour rédiger des articles ou faire des exposés sur l’importance de bien manger; élaborer ou promouvoir des politiques en matière de nutrition; et créer de nouveaux outils et ressources. Comprend un exemplaire du Guide alimentaire canadien et une affiche promotionnelle.
563 |aReliure à spirale
590 |a07-08|b2007-02-23
69107|aAlimentation|2gcpds
77508|tEating well with Canada's food guide - a resource for educators and communicators |w(CaOODSP)9.650419
7760#|tBien manger avec le Guide alimentaire canadien - ressource à l'intention des éducateurs et communicateurs |w(CaOODSP)9.633401
986 |aSC Pub.: 4670